Jeffrey /

Na minha lista:
Detalhes bibliográficos
Outros Autores: Rudnick, Paul, Weaver, Sigourney, Stewart, Patrick, Ashley, Christopher, Weber, Steven, (1961- attore)
Formato: Slides
Idioma:inglês
Tags: Adicionar Tag
Sem tags, seja o primeiro a adicionar uma tag!

MARC

LEADER 00000ngm a22000007i 4500
001 IT\ICCU\UBO\3298773
003 ItRI
005 20260124182908.0
008 071011s1997 xxu|||||||||||||||k|||||c
028 4 2 |a VC3602 
040 |b ita 
041 7 |a eng  |2 ISO-639-2 
130 0 |a Jeffrey <film ; 1995>  |3 IT\ICCU\UBO\3298772 
245 0 0 |a Jeffrey /  |c directed by Christopher Ashley ; screenplay by Paul Rudnick. -London : VCI, c1997. 
300 |a 1 videocassetta (VHS)(ca. 90 min.) :  |b color., son 
500 |a Tit. del contenitore 
500 |a Film del 1995, prod. USA; interpreti: Steven Weber, Patrick Stuart, Sigourney Weaver 
500 |a Film vietato ai minori di 15 anni. 
700 1 |a Rudnick, Paul  |0 IT\ICCU\PARV\149540 
700 1 |a Weaver, Sigourney  |0 IT\ICCU\RAVV\092643 
700 1 |a Stewart, Patrick  |0 IT\ICCU\TO0V\369479 
700 1 |a Ashley, Christopher  |0 IT\ICCU\UBOV\195797 
700 1 |a Weber, Steven,  |d  (1961-  |c attore)  |0 IT\ICCU\UBOV\703261 
942 |2 ddc  |c VM  |n 0 
952 |0 0  |1 0  |4 0  |6 VO_535_000000000000000  |7 0  |9 27713  |a BO  |b BO  |d 2026-01-24  |i 7112  |l 0  |o VO 535  |p BO7112  |r 2026-01-24 18:29:08  |w 2026-01-24  |x [Sebina 5] [1 videocassetta]  |y VM  |z 1 videocassetta 
999 |c 23488  |d 23488